01004nam a2200229 a 450000100100000000500170001000800410002704000250006808200220009310000470011524500850016226000630024730000210031050000420033159000260037365000620039965000560046165000830051791000370060095201200063799900170075700003943920230331073627.0130627s1987 dr 000 0 spa d aDO-SdBNPbspacBNPHU a344.729301bH557n aHernández Rueda, Lupo,d1930-201792379010aNovedades y tendencias actuales del dereho de trabajo /cLupo Hernández Rueda. aSanto Domingo :bInstituto de Estudios del Trabajo,c1987. a138 p. ;c24 cm. aIncluye notas al pie de las páginas aInventariado, 2018/DG 4aLegislación laboralxEnsayos, conferencias, etc.965645 4aDerecho laboralxEnsayos, conferencias, etc.965646 4aDerecho al trabajozRepública DominicanaxEnsayos, conferencias, etc.965647 aValidado. Control de calidad MFF 0010718PDaPDbPDcHDd2013-06-27iLF1l0o344.729301 H557np39439-10r2020-06-25w2020-06-25yLFPDZNo se presta c38929d38929